000 00660nam a2200289Ia 4500
005 20260324130629.0
008 008 260324s9999 xx 000 0 eng d
020 _a9780203964606
037 _aEBOOK
040 _aCRL
040 _beng
040 _cCRL
041 _2eng
041 _aeng
084 _qCRL
100 _aMargaret Mackey
_91182502
245 0 _aLiteracies Across Media
245 0 _bPlaying the Text
260 _bTaylor and Francis
260 _c2007
365 _a
365 _b300
856 _uhttp://www.taylorfrancis.com/books/9780203964606
942 _cEBOOK
999 _c1778842
_d1778842